=LDR 00000nam 2200000 4500 =001 INLIS000000000036997 =005 20130612142741 =008 ***********************************Ind** =035 ##$$a0010-061300000036997 =041 ##$$a Ind =082 ##$$a 808.87 =090 ##$$a 808.87, Pra s =100 ##$$a Pranata, Xavier Quntin =245 ##$$a 100 ger dokter, humor dokter, Xavier Quentin Pranata =260 ##$$a 2009 $b Yogyakarta =300 ##$$a 69 hlm, 18 cm =650 ##$$a Humor =700 ##$$a Prabawati, Th. Ari =850 ##$$a NBPNMAT =990 ##$$a 0001/BPAP-NTB/20142014